Eastern Utah Libraries Catalog: Duchesne, Heber, Roosevelt, & Vernal

Whiffy Wilson : (Record no. 311071)

MARC details
000 -LEADER
fixed length control field 02656cam a22006377i 4500
001 - CONTROL NUMBER
control field ocn919342045
003 - CONTROL NUMBER IDENTIFIER
control field OCoLC
005 - DATE AND TIME OF LATEST TRANSACTION
control field 20200320212545.0
008 - FIXED-LENGTH DATA ELEMENTS--GENERAL INFORMATION
fixed length control field 151118r20162015nyua j 000 1 eng d
010 ## - LIBRARY OF CONGRESS CONTROL NUMBER
LC control number 2015957922
020 ## - INTERNATIONAL STANDARD BOOK NUMBER
International Standard Book Number 9781438008639
020 ## - INTERNATIONAL STANDARD BOOK NUMBER
International Standard Book Number 1438008635
029 1# - (OCLC)
OCLC library identifier AU@
System control number 000057976009
035 ## - SYSTEM CONTROL NUMBER
System control number (OCoLC)919342045
040 ## - CATALOGING SOURCE
Original cataloging agency YDXCP
Language of cataloging eng
Description conventions rda
Transcribing agency DLC
Modifying agency YDXCP
-- BTCTA
-- BDX
-- SINLB
-- CNFSP
-- OCLCF
-- UAB
-- IGA
-- OCLCQ
-- RCL
-- WACOL
042 ## - AUTHENTICATION CODE
Authentication code lccopycat
049 ## - LOCAL HOLDINGS (OCLC)
Holding library WACL
050 00 - LIBRARY OF CONGRESS CALL NUMBER
Classification number PZ8.3.H251
Item number Wb 2016
082 00 - DEWEY DECIMAL CLASSIFICATION NUMBER
Classification number [E]
Edition number 23
092 ## - LOCALLY ASSIGNED DEWEY CALL NUMBER (OCLC)
Classification number children
Item number Har
100 1# - MAIN ENTRY--PERSONAL NAME
Personal name Hart, Caryl,
Relator term author.
9 (RLIN) 5956869
245 10 - TITLE STATEMENT
Title Whiffy Wilson :
Remainder of title the wolf who wouldn't go to bed /
Statement of responsibility, etc Caryl Hart ; Leonie Lord.
250 ## - EDITION STATEMENT
Edition statement First edition for the United States and Canada.
264 #1 - Production, Publication, Distribution, Manufacture, and Copyright Notice.
Place of production, publication, distribution, manufacture Hauppauge, NY :
Name of producer, publisher, distributor, manufacturer Barron's,
Date of production, publication, distribution, manufacture, or copyr 2016.
300 ## - PHYSICAL DESCRIPTION
Extent 1 volume (unpaged) :
Other physical details color illustrations ;
Dimensions 25 x 28 cm
336 ## - Content Type
Content type term text
336 ## - Content Type
Content type term still image
337 ## - Media type
Media type term unmediated
338 ## - Carrier type
Carrier type term volume
520 ## - SUMMARY, ETC.
Summary, etc Although Whiffy Wilson is tired, he does not want to go to bed until his friend Dotty shows him that bedtime can be fun.
521 ## - TARGET AUDIENCE NOTE
Target audience note children
Source penworthy
650 #0 - SUBJECT ADDED ENTRY--TOPICAL TERM
Topical term or geographic name as entry element Wolves
Form subdivision Juvenile fiction.
9 (RLIN) 5675925
650 #0 - SUBJECT ADDED ENTRY--TOPICAL TERM
Topical term or geographic name as entry element Bedtime
Form subdivision Juvenile fiction.
9 (RLIN) 5674587
650 #0 - SUBJECT ADDED ENTRY--TOPICAL TERM
Topical term or geographic name as entry element Stories in rhyme.
9 (RLIN) 5976186
650 #1 - SUBJECT ADDED ENTRY--TOPICAL TERM
Topical term or geographic name as entry element Wolves
Form subdivision Fiction.
9 (RLIN) 5685977
650 #1 - SUBJECT ADDED ENTRY--TOPICAL TERM
Topical term or geographic name as entry element Bedtime
Form subdivision Fiction.
9 (RLIN) 5674591
650 #1 - SUBJECT ADDED ENTRY--TOPICAL TERM
Topical term or geographic name as entry element Stories in rhyme.
9 (RLIN) 5976186
650 #7 - SUBJECT ADDED ENTRY--TOPICAL TERM
Topical term or geographic name as entry element JUVENILE FICTION
General subdivision Animals
-- Wolves & Coyotes.
Source of heading or term bisacsh
9 (RLIN) 5976187
650 #7 - SUBJECT ADDED ENTRY--TOPICAL TERM
Topical term or geographic name as entry element JUVENILE FICTION
General subdivision Bedtime & Dreams.
Source of heading or term bisacsh
9 (RLIN) 5976188
650 #7 - SUBJECT ADDED ENTRY--TOPICAL TERM
Topical term or geographic name as entry element Bedtime.
Source of heading or term fast
-- (OCoLC)fst00829541
9 (RLIN) 5976189
650 #7 - SUBJECT ADDED ENTRY--TOPICAL TERM
Topical term or geographic name as entry element Stories in rhyme.
Source of heading or term fast
-- (OCoLC)fst01739131
9 (RLIN) 5976186
650 #7 - SUBJECT ADDED ENTRY--TOPICAL TERM
Topical term or geographic name as entry element Wolves.
Source of heading or term fast
-- (OCoLC)fst01176536
9 (RLIN) 5976190
655 #7 - INDEX TERM--GENRE/FORM
Genre/form data or focus term Fiction.
Source of term fast
-- (OCoLC)fst01423787
9 (RLIN) 5673940
655 #7 - INDEX TERM--GENRE/FORM
Genre/form data or focus term Juvenile works.
Source of term fast
-- (OCoLC)fst01411637
9 (RLIN) 5673941
655 #7 - INDEX TERM--GENRE/FORM
Genre/form data or focus term Stories in rhyme.
Source of term lcgft
9 (RLIN) 5976191
700 1# - ADDED ENTRY--PERSONAL NAME
Personal name Lord, Leonie,
Relator term illustrator.
9 (RLIN) 5976192
775 08 - OTHER EDITION ENTRY
Display text Reproduction of (manifestation):
Main entry heading Hart, Caryl.
Title Whiffy Wilson.
Place, publisher, and date of publication London : Orchard Books, 2015
International Standard Book Number 9781408332542
856 42 - ELECTRONIC LOCATION AND ACCESS
Materials specified Publisher description
Uniform Resource Identifier <a href="https://www.loc.gov/catdir/enhancements/fy1621/2015957922-d.html">https://www.loc.gov/catdir/enhancements/fy1621/2015957922-d.html</a>
938 ## -
-- Brodart
-- BROD
-- 113731698
938 ## -
-- Baker and Taylor
-- BTCP
-- BK0017624005
938 ## -
-- YBP Library Services
-- YANK
-- 12586649
942 ## - ADDED ENTRY ELEMENTS (KOHA)
Koha item type BOOK
948 ## - LOCAL PROCESSING INFORMATION (OCLC); SERIES PART DESIGNATOR (RLIN)
Series part designator, SPT (RLIN) 08/16/2018
z (OCLC) Sirsi
994 ## -
-- C0
-- WACOL
996 ## -
-- 152219
-- 34301001575200
-- E
-- bk
-- wcl
-- i
-- 3
-- 20.96
-- penworthy
-- Har
-- 08/18/2018
-- 03/04/2020
-- 02/19/2020
Holdings
Withdrawn status Lost status Source of classification or shelving scheme Damaged status Not for loan Collection code Home library Current library Shelving location Date acquired Source of acquisition Cost, normal purchase price Total Checkouts Total Renewals Full call number Barcode Date last seen Date checked out Cost, replacement price Price effective from Koha item type
    Dewey Decimal Classification     Children Picture Books Wasatch County Library Wasatch County Library Main Floor Childrens Area 08/18/2018 Penworthy 20.96 26 11 E Har 34301001575200 02/27/2026 02/12/2026 20.96 03/20/2020 BOOK
This project was made possible through a grant from the Institute of Museum and Library Service administered by the Utah State Library Division.

Wasatch County Library

  • 465 East 1200 South, Heber City, Utah 84032
  • Phone 435-654-1511 | Fax 435-654-6456

Hours

  • Monday - Friday 9:30 AM - 8:00 PM
  • Saturday 9:30 AM - 1:30 PM
  • Closed Sundays and Holidays